=LDR 00000nam 2200000 4500 =001 INLIS000000000000200 =005 20150217143336.0 =006 =007 =008 Ind =035 ##$$0010-061300000000200 =041 ##$$a Ind =082 ##$$a 92(Marsinah) =090 ##$$a 92(Marsinah), Sar m =100 ##$$a Sarumpaet, Ratna =245 ##$$a Marsinah, nyanyian dari bawah tanah / Ratna Sarumpaet =260 ##$$aYogyakarta$bBentang$c1997 =300 ##$$a xxiii, 116 hlm. ; 19 cm =650 ##$$a Marsinah =850 ##$$a NBPNMAT